| 000 | 00630nam a22002177a 4500 | ||
|---|---|---|---|
| 005 | 20170124110122.0 | ||
| 010 | _aA-436090 | ||
| 020 |
_c00.00 _a8171670261 |
||
| 035 | _aA-436090 | ||
| 037 | _bCen Lib/Ret | ||
| 040 |
_aDPL _bEN |
||
| 082 |
_a915.4 _bNAI |
||
| 100 |
_aNaipaul, V. S. _928002 |
||
| 245 |
_aIndia : _cby V. S. Naipaul _ba million mutinies now / |
||
| 260 |
_bCalcutta _aRupa _c1990 |
||
| 270 |
_bCalcutta _a15 Bhinkim Chatterjee Street _e700073 |
||
| 300 |
_a521p. _c22cm(Hb) |
||
| 650 |
_aIndia -- Description and travel _926587 |
||
| 650 |
_aTravel _925007 |
||
| 942 |
_2ddc _cEN _h915.4 _mNAI |
||
| 999 |
_c131075 _d131075 |
||